00345nam a2200121Ia 4500008004100000100001500041245001700056260001700073260000900090546001200099999001700111952009500128170619s9999 xx 000 0 und d aSingh- B D 0aBiochemistry bKalyani Pub. c2004 aENGLISH c17383d17383 00102ddc4070a06b06d2004-11-08e22l0p06-B-10766r2017-07-03w2017-07-03y01zcm po